000 00503nam a22001697a 4500
005 20251108170821.0
008 250721s1982 xx 000 0 ara d
082 1 4 _aط/ق/احم
100 1 _aشوقي، أحمد
245 1 0 _aحكايات عن القط :
_bقصص في قصائد /
264 1 _aالقاهرة :
_bالهيئة المصرية العامة،
_c1982.
300 _a16ص
650 1 7 _aادب الاطفال
650 1 7 _aقصص العربية
942 _2ddc
_cBK
999 _c49719
_d49719